| 000 | 00607 a2200145 4500 | ||
|---|---|---|---|
| 082 | _a624.1762 SCH | ||
| 090 |
_c2767 _d2767 |
||
| 100 |
_aSCNEIDER, S. AND H.M LEE _943121 |
||
| 245 |
_aBEHAVIOR OF A PIPING SYSEM UNDER EXCITATION _bEXPERIMENTAL INVESTIGATION OF A SPATIAL PIPING SYSTEMS SUPPORTED BY MECHANICAL SHOCK ARRESTORS AND STEEL ENERGY ABSORBING DEVICS UNDER SEISMIC EXCITATION |
||
| 260 |
_aCALIFORNIA _bREPORT OF ELECTRIC RESEARCH INSITUTE _c1982 |
||
| 300 |
_aVII, 170P. _c26CM |
||
| 500 | _aSEISMICS EXCITATION | ||
| 526 |
_a0 _b0 _c0 _d624_176200000000000_SCH |
||
| 942 |
_2ddc _aMCE _cD _k624.1762 SCH |
||
| 999 |
_c546917 _d546917 |
||